| 000 | 00578nam a22001697a 4500 | ||
|---|---|---|---|
| 003 | OSt | ||
| 005 | 20171010095439.0 | ||
| 008 | 120604t xxu||||| |||| 00| 0 eng d | ||
| 040 |
_aMMSU _cULS |
||
| 100 |
_aValdez, Sheraldine Y. _99973 |
||
| 245 |
_aAntitermicidal activity of Martial law (Chromolaena odorata I.) leaf extract _cSheraldine Y. Valdez |
||
| 260 | _c2007 | ||
| 300 |
_axv, 39 leaves _c28 cm. |
||
| 500 | _aThesis (BS Biology) -- Mariano Marcos State University-College of Arts and Sciences, Batac City | ||
| 504 | _aBibliography: leaf 25 | ||
| 942 |
_2ddc _cTHEDIS |
||
| 999 |
_c9531 _d9531 |
||